| 000 | 00573nam a22001937a 4500 | ||
|---|---|---|---|
| 003 | CEME | ||
| 005 | 20210628204019.0 | ||
| 008 | 210104b xxu||||| |||| 00| 0 eng d | ||
| 020 | _a9780205721504 | ||
| 040 | _cceme | ||
| 082 | _a808.0666 REE | ||
| 100 |
_aReep, Diana.C _968255 |
||
| 245 | _aTechnical writing , principles, strategies, and readings | ||
| 250 | _a8TH | ||
| 260 |
_aBOSTON _bPEARSON EDUCATION _c2011 |
||
| 300 | _aXXIV, 520P | ||
| 650 |
_aTECHNICAL WRITING-PRINCIPLES.TECHNICAL WRITING-STRATEGIES.TECHNICAL WRITING-READING. _968256 |
||
| 942 |
_cBK _2ddc |
||
| 999 |
_c575867 _d575867 |
||